Architecture Conceptual To The Manifest. (Record no. 84082)
[ view plain ]
| 000 -LEADER | |
|---|---|
| fixed length control field | 00384nam a2200157Ia 4500 |
| 008 - FIXED-LENGTH DATA ELEMENTS--GENERAL INFORMATION | |
| fixed length control field | 230116s9999 xx 000 0 und d |
| 020 ## - INTERNATIONAL STANDARD BOOK NUMBER | |
| International Standard Book Number | 9788190852814 |
| 041 ## - LANGUAGE CODE | |
| Language code of text/sound track or separate title | eng |
| 082 ## - DEWEY DECIMAL CLASSIFICATION NUMBER | |
| Classification number | 720 |
| 100 ## - MAIN ENTRY--PERSONAL NAME | |
| Personal name | Aadi. |
| 9 (RLIN) | 106499 |
| 245 ## - TITLE STATEMENT | |
| Title | Architecture Conceptual To The Manifest. |
| 260 ## - PUBLICATION, DISTRIBUTION, ETC. (IMPRINT) | |
| Name of publisher, distributor, etc. | AADI Centre Ahmedabad. |
| Date of publication, distribution, etc. | 2012 |
| 300 ## - PHYSICAL DESCRIPTION | |
| Extent | 192 |
| 906 ## - LOCAL DATA ELEMENT F, LDF (RLIN) | |
| b | 40.0 |
| Withdrawn status | Lost status | Source of classification or shelving scheme | Damaged status | Not for loan | Collection code | Home library | Current library | Date acquired | Vendor | Cost, normal purchase price | Bill number | Total Checkouts | Full call number | Barcode | Date last seen | Date last checked out | Discount | Cost, replacement price | Bill Date | Koha item type | Original Barcode |
|---|---|---|---|---|---|---|---|---|---|---|---|---|---|---|---|---|---|---|---|---|---|
| Dewey Decimal Classification | Book of Digital Architecture | Dr. Bhanuben Nanavati College of Architecture | Dr. Bhanuben Nanavati College of Architecture | 05/01/2023 | Council Of Architecture | 1035.00 | 00170 | 1 | 720.22 AAD | BNCA-BK-12139 | 10/10/2023 | 11/08/2023 | 1 | 1035.00 | Books | B12139 |